Riotous citizens: ethnic conflict in multicultural Britain
Theorizing crowds, riots and public disorder -- The riots of 2001 : an overview and comparison of Oldham, Burnley and Bradford -- Accounts of how the Bradford riot began -- Diversity, motivations and targets : the dynamics of a crowd of citizens -- "Take me to your leader" : reflections on...
| VerfasserInnen: | ; |
|---|---|
| Beteiligte: | |
| Medienart: | Druck Buch |
| Sprache: | Englisch |
| Veröffentlicht: |
Aldershot, Hants, England [u.a.]
Ashgate
c2008
|
| In: | Jahr: 2008 |
| Online-Zugang: |
Inhaltsverzeichnis Inhaltsverzeichnis |
| Verfügbarkeit prüfen: | HBZ Gateway |
| Subito Bestelldienst: | Jetzt bestellen. |
| Schlagwörter: |
MARC
| LEADER | 00000cam a2200000 c 4500 | ||
|---|---|---|---|
| 001 | 56889247X | ||
| 003 | DE-627 | ||
| 005 | 20260206195011.0 | ||
| 007 | tu | ||
| 008 | 080612s2008 xxk||||| 00| ||eng c | ||
| 010 | |a 2008024029 | ||
| 020 | |a 0754646270 |c hardcover : alk. paper |9 0-7546-4627-0 | ||
| 020 | |a 9780754646273 |c : hardcover : alk. paper |9 978-0-7546-4627-3 | ||
| 035 | |a (DE-627)56889247X | ||
| 035 | |a (DE-603)20212035X | ||
| 035 | |a (DE-576)285984594 | ||
| 035 | |a (DE-599)GBV56889247X | ||
| 035 | |a (OCoLC)259952143 | ||
| 035 | |a (OCoLC)230916343 | ||
| 040 | |a DE-627 |b ger |c DE-627 |e rakwb | ||
| 041 | |a eng | ||
| 044 | |c XA-GB |c XD-US | ||
| 050 | 0 | |a HN400.S62 | |
| 082 | 0 | |a 305.800942 |q LOC |2 22 | |
| 084 | |a 7,25 |2 ssgn | ||
| 084 | |a 6,24 |2 ssgn | ||
| 084 | |a LB 48190 |2 rvk |0 (DE-625)rvk/90563:830 | ||
| 084 | |a 74.19 |2 bkl | ||
| 084 | |a 74.09 |2 bkl | ||
| 100 | 1 | |a Bagguley, Paul |0 (DE-588)17074650X |0 (DE-627)060875801 |0 (DE-576)131602306 |4 aut | |
| 109 | |a Bagguley, Paul | ||
| 245 | 1 | 0 | |a Riotous citizens |b ethnic conflict in multicultural Britain |c by Paul Bagguley and Yasmin Hussain |
| 263 | |a 0808 | ||
| 264 | 1 | |a Aldershot, Hants, England [u.a.] |b Ashgate |c c2008 | |
| 300 | |a X, 193 S. | ||
| 336 | |a Text |b txt |2 rdacontent | ||
| 337 | |a ohne Hilfsmittel zu benutzen |b n |2 rdamedia | ||
| 338 | |a Band |b nc |2 rdacarrier | ||
| 500 | |a Includes bibliographical references and index. - Theorizing crowds, riots and public disorder -- The riots of 2001 : an overview and comparison of Oldham, Burnley and Bradford -- Accounts of how the Bradford riot began -- Diversity, motivations and targets : the dynamics of a crowd of citizens -- "Take me to your leader" : reflections on power, "race" and the politics of rioting -- "Outsiders in our own country" : the interpersonal consequences of rioting -- Disciplined and punished : strategic repression and the shaming of a community -- Citizenship, generation and ethnic identity -- The emergence of community cohesion | ||
| 505 | 8 | |a Theorizing crowds, riots and public disorder -- The riots of 2001 : an overview and comparison of Oldham, Burnley and Bradford -- Accounts of how the Bradford riot began -- Diversity, motivations and targets : the dynamics of a crowd of citizens -- "Take me to your leader" : reflections on power, "race" and the politics of rioting -- "Outsiders in our own country" : the interpersonal consequences of rioting -- Disciplined and punished : strategic repression and the shaming of a community -- Citizenship, generation and ethnic identity -- The emergence of community cohesion | |
| 505 | 8 | |a Theorizing crowds, riots and public disorder -- The riots of 2001 : an overview and comparison of Oldham, Burnley and Bradford -- Accounts of how the Bradford riot began -- Diversity, motivations and targets : the dynamics of a crowd of citizens -- "Take me to your leader" : reflections on power, "race" and the politics of rioting -- "Outsiders in our own country" : the interpersonal consequences of rioting -- Disciplined and punished : strategic repression and the shaming of a community -- Citizenship, generation and ethnic identity -- The emergence of community cohesion | |
| 520 | |a Theorizing crowds, riots and public disorder -- The riots of 2001 : an overview and comparison of Oldham, Burnley and Bradford -- Accounts of how the Bradford riot began -- Diversity, motivations and targets : the dynamics of a crowd of citizens -- "Take me to your leader" : reflections on power, "race" and the politics of rioting -- "Outsiders in our own country" : the interpersonal consequences of rioting -- Disciplined and punished : strategic repression and the shaming of a community -- Citizenship, generation and ethnic identity -- The emergence of community cohesion | ||
| 583 | 1 | |a Archivierung prüfen |c 20200919 |f DE-640 |z 2 |2 pdager | |
| 583 | 1 | |a Archivierung/Langzeitarchivierung gewährleistet |f SSG |x XA-DE-BW |2 pdager |5 DE-16-77 | |
| 583 | 1 | |a Archivierung prüfen |c 20240324 |f DE-4165 |z 1 |2 pdager | |
| 648 | 7 | |a Geschichte 2001 |2 gnd | |
| 650 | 0 | |a Ethnic conflict |z Great Britain | |
| 650 | 0 | |a Riots |z Great Britain | |
| 650 | 0 | 7 | |0 (DE-588)4169999-3 |0 (DE-627)104392975 |0 (DE-576)209926821 |a Minderheitenfrage |2 gnd |
| 650 | 0 | 7 | |0 (DE-588)4378231-0 |0 (DE-627)185240763 |0 (DE-576)211779148 |a Südasiaten |2 gnd |
| 650 | 0 | 7 | |0 (DE-588)4136263-9 |0 (DE-627)105658812 |0 (DE-576)209667702 |a Unruhen |2 gnd |
| 650 | 4 | |a Großbritannien | |
| 650 | 4 | |a Minderheit | |
| 650 | 4 | |a Soziale Situation | |
| 650 | 4 | |a Rassenbeziehung | |
| 651 | 0 | |a Great Britain |x Ethnic relations | |
| 651 | 0 | |a Great Britain |x Race relations | |
| 651 | 7 | |0 (DE-588)4022153-2 |0 (DE-627)104665513 |0 (DE-576)208942076 |a Großbritannien |2 gnd | |
| 689 | 0 | 0 | |d g |0 (DE-588)4022153-2 |0 (DE-627)104665513 |0 (DE-576)208942076 |a Großbritannien |2 gnd |
| 689 | 0 | 1 | |d s |0 (DE-588)4378231-0 |0 (DE-627)185240763 |0 (DE-576)211779148 |a Südasiaten |2 gnd |
| 689 | 0 | 2 | |d s |0 (DE-588)4169999-3 |0 (DE-627)104392975 |0 (DE-576)209926821 |a Minderheitenfrage |2 gnd |
| 689 | 0 | 3 | |d s |0 (DE-588)4136263-9 |0 (DE-627)105658812 |0 (DE-576)209667702 |a Unruhen |2 gnd |
| 689 | 0 | 4 | |a z |2 gnd |a Geschichte 2001 |
| 689 | 0 | |5 (DE-627) | |
| 700 | 0 | |a Yasmin Hussain |0 (DE-588)1147118094 |0 (DE-627)1008493538 |0 (DE-576)300901550 |4 aut | |
| 700 | 1 | |a Hussain, Yasmin |d 1970- |0 (DE-588)13621729X |0 (DE-627)577721976 |0 (DE-576)325001642 |4 oth | |
| 856 | 4 | 2 | |u https://digitale-objekte.hbz-nrw.de/storage/2008/10/14/file_379/2566014.pdf |m V:DE-605 |m X:migimw |q application/pdf |v 2025-07-00 |3 Inhaltsverzeichnis |7 1 |
| 856 | 4 | 2 | |u http://scans.hebis.de/HEBCGI/show.pl?20212035_toc.pdf |m V:DE-605 |q application/pdf |3 Inhaltsverzeichnis |7 1 |
| 935 | |a mkri | ||
| 935 | |i Blocktest | ||
| 935 | |h HEB |i 0501 | ||
| 935 | |h HEB |i 0503 | ||
| 936 | r | v | |a LB 48190 |b Großbritannien (und Nordirland) insgesamt |k Sozial- und Kulturanthropologie. Empirische Kulturwissenschaft |k Soziale und politische Organisation und Praxis |k Ethnische Gruppen, Ethnizität, multikulturelle Gesellschaft |k Europa |k Westeuropa |k Großbritannien (und Nordirland) |k Großbritannien (und Nordirland) insgesamt |0 (DE-627)1271999110 |0 (DE-625)rvk/90563:830 |0 (DE-576)201999110 |
| 936 | b | k | |a 74.19 |j Europa |x Geographie |0 (DE-627)106411675 |
| 936 | b | k | |a 74.09 |j Sozialgeographie |0 (DE-627)181570580 |
| 936 | s | n | |a m200 |2 mzub |
| 951 | |a BO | ||
| ELC | |b 1 | ||
| LOK | |0 000 xxxxxcx a22 zn 4500 | ||
| LOK | |0 001 3191734082 | ||
| LOK | |0 003 DE-627 | ||
| LOK | |0 004 56889247X | ||
| LOK | |0 005 20090429165416 | ||
| LOK | |0 008 090320||||||||||||||||ger||||||| | ||
| LOK | |0 040 |a DE-Frei85 |c DE-627 |d DE-Frei85 | ||
| LOK | |0 852 |a DE-Frei85 | ||
| LOK | |0 852 1 |m p |9 00 | ||
| LOK | |0 938 |k p | ||
| LOK | |0 939 |a 20-03-09 |b l01 | ||
| ORI | |a SA-MARC-krimdoka001.raw | ||
| TIM | |a 100020010101_100020011231 |b Geschichte 2001 | ||
